[Event "Platja d'Aro op-B 7th"]
[Site "Platja d'Aro"]
[Date "2019.06.28"]
[Round "6"]
[White "Canigueral Salvado, Jaume"]
[Black "Lobato Lavin, Alvaro"]
[Result "0-1"]
[WhiteElo "1881"]
[BlackElo "1872"]
[PlyCount "104"]
[EventDate "2019.06.24"]
[EventType "swiss"]
[EventRounds "9"]
[EventCountry "ESP"]
[SourceTitle "CBM 191 Extra"]
[Source "ChessBase"]
[SourceDate "2019.09.30"]
[SourceVersion "1"]
[SourceVersionDate "2019.09.30"]
[SourceQuality "1"]

1. e4 c5 2. Nf3 d6 3. d4 cxd4 4. Nxd4 Nf6 5. Bb5+ Bd7 6. Bxd7+ Qxd7 7. Nc3 g6 8. 0-0 Bg7 9. f3 0-0 10. Be3 Nc6 11. Nxc6 bxc6 12. Qd2 Qc7 13. Kh1 Rab8 14. Rab1 Rfd8 15. Rfd1 e5 16. Bh6 d5 17. Bxg7 Kxg7 18. Qe2 d4 19. Na4 Qa5 20. b3 c5 21. Rf1 Qc7 22. Nb2 Re8 23. Nc4 Rbd8 24. Rf2 Qd7 25. Nb2 Nh5 26. Nd3 Rc8 27. g4 Nf4 28. Nxf4 exf4 29. h4 Red8 30. Rd1 Qe6 31. Qd2 Qe5 32. Qa5 h5 33. Rg2 Qe7 34. Qe1 Rh8 35. g5 Qe6 36. Kh2 Rhd8 37. Qa5 c4 38. Rgd2 cxb3 39. cxb3 Qb6 40. Qe5+ Kg8 41. Qxf4 d3 42. Kg2 Rc2 43. Rxc2 dxc2 44. Rd5 Rc8 45. Qc1 Qa6 46. a4 Qe2+ 47. Kg3 Rc3 48. Rd8+ Kh7 49. Qf4 Rxf3+ 50. Qxf3 Qxf3+ 51. Kxf3 c1Q 52. Rd7 Qc3+ 0-1

[Event "Platja d'Aro op-B 7th"]
[Site "Platja d'Aro"]
[Date "2019.06.28"]
[Round "5"]
[White "Clanchet Olle, Josep"]
[Black "Canigueral Salvado, Jaume"]
[Result "0-1"]
[WhiteElo "1627"]
[BlackElo "1881"]
[PlyCount "59"]
[EventDate "2019.06.24"]
[EventType "swiss"]
[EventRounds "9"]
[EventCountry "ESP"]
[SourceTitle "CBM 191 Extra"]
[Source "ChessBase"]
[SourceDate "2019.09.30"]
[SourceVersion "1"]
[SourceVersionDate "2019.09.30"]
[SourceQuality "1"]

1. e4 e6 2. d4 d5 3. Nc3 Bb4 4. e5 Ne7 5. f4 c5 6. Nf3 Nbc6 7. Bb5 a6 8. Bxc6+ Nxc6 9. a3 cxd4 10. axb4 dxc3 11. bxc3 0-0 12. 0-0 Bd7 13. Be3 Ne7 14. Bd4 Nf5 15. Qd3 Nxd4 16. Qxd4 Rc8 17. Nd2 Qc7 18. Rf3 f6 19. Raf1 f5 20. Rh3 Ba4 21. Nb3 b6 22. Rff3 Qb7 23. Qf2 g6 24. Qh4 Bxb3 25. cxb3 a5 26. Rfg3 Qg7 27. bxa5 bxa5 28. Qh6 Qxh6 29. Rxh6 Kg7 30. Rhh3 0-1